000 00672cam a22002413a 4500
001 17803
003 PGUSA
005 20140828083359.0
008 060220s2006||||xxu|||||s|||||000 | eng d
040 _aPGUSA
_beng
042 _adc
050 4 _aPT
245 1 0 _aLaxdæla Saga :
_bTranslated from the Icelandic
_h[electronic resource]
260 _bProject Gutenberg,
_c2006
506 _aPublic domain in the USA.
516 _aElectronic text
653 _aSagas -- Translations into English
700 1 _aPress, Muriel A. C.
740 0 _aLaxdaela Saga
830 0 _aProject Gutenberg
_v17803
856 4 0 _uhttp://www.gutenberg.org/ebooks/17803
942 _cEB
999 _c247058
_d247058